Les jours de la semaine en italien - Statistiques

Statistiques générales
  • Ce quiz a été pris 48 fois
  • Le résultat moyen est 5 sur 7
Statistiques - réponses
Hint Réponse % Correct
Lundi Lunedi
100%
Mardi Martedi
94%
Mercredi Mercoledi
79%
Vendredi Venerdi
76%
Jeudi Giovedi
73%
Dimanche Domenica
61%
Samedi Sabato
61%
Aucun quiz correspondant
Distribution des résultats
% des personnes avec chaque résultat
Percentile par nombre de réponses
Votre historique - résultats
Vous n’avez pas pris ce quiz